Statistics for 10 Largest cities in Greece (with photos)

Click here to take the quiz!

General Stats

  • This quiz has been taken 28 times
  • The average score is 5 of 10

Answer Stats

Answer% Correct
Athens
100%
Thessaloniki
93%
Heraklion
78%
Patras
74%
Larissa
59%
Piraeus
33%
Peristeri
19%
Acharnes
11%
Kallithea
11%
Kalamaria
4%

Score Distribution

Percentile by Number Answered

Percent of People with Each Score

Your Score History

You have not taken this quiz